Villes qui commencent par un déterminant - Statistiques

Statistiques générales
  • Ce quiz a été pris 20 579 fois
  • Le résultat moyen est 11 sur 20
Statistiques - réponses
Indice Ville % Correct
Ville sainte de l'islam La Mecque
92%
Berceau du cinéma hollywoodien Los Angeles
91%
Une course automobile de 24 heures s'y déroule Le Mans
84%
Célèbre pour ses casinos Las Vegas
82%
Ville portuaire de Normandie Le Havre
82%
À l'extrême sud de l'Afrique Le Cap
77%
La plus peuplée d'Afrique Le Caire
76%
Capitale administrative bolivienne La Paz
74%
Juste en face de l'île de Ré La Rochelle
65%
Capitale européenne située sur une île La Valette
61%
Troisième plus grande ville néerlandaise La Haye
54%
Le jazz y est né La Nouvelle-Orléans
52%
Ses voitures lui donnent un air des années 1950 La Havane
51%
Préfecture de la Vendée La Roche-sur-Yon
36%
Plus grande ville des îles Canaries Las Palmas
34%
Ville texane à la frontière du Mexique El Paso
21%
Capitale de l'Iowa Des Moines
17%
Ville espagnole sur l'Atlantique, en Galice La Corogne
16%
Ville wallonne surnommée « La cité des loups » La Louvière
9%
Ville suisse connue pour son horlogerie La Chaux-de-Fonds
7%
Aucun quiz correspondant
Distribution des résultats
% des personnes avec chaque résultat
Percentile par nombre de réponses
Votre historique - résultats
Vous n’avez pas pris ce quiz